| 000 | 00874cam a22002174a 4500 | ||
|---|---|---|---|
| 005 | 20250605163957.0 | ||
| 008 | 250528s ||||||||||||||||||||||||d | ||
| 035 | _a15504 | ||
| 020 | _a1852520841 | ||
| 040 |
_aGR-AtMCL _bgre _dGR-AtMCL _eAACR2 |
||
| 245 | 1 | _aTurning Practical Communication into Business Power | |
| 250 | _a1st | ||
| 260 | _c1989 | ||
| 300 | _a150 | ||
| 520 | _aIn this book, Bernard Katz provides the reader with a range of practical communication skills. The Physical Company Environment, What is Going on in the Company, Making an Excellent Presentation, Audio-Visual Impact, Professionalism on the Phone, Public Relations, Dealing with Colleagues, Conducting Meetings, Report Writing, Pep Talk, Recommended Reading, Index. | ||
| 700 | 1 |
_aKatz Bernard _91436 |
|
| 700 | 1 |
_aMercury _91437 |
|
| 942 | _cBK | ||
| 999 |
_c1080 _d1080 |
||